Literatura y periodismo: una tradición de relaciones promiscuas
Gespeichert in:
| 1. Verfasser: | |
|---|---|
| Format: | Buch |
| Sprache: | Spanisch |
| Veröffentlicht: |
Barcelona
Universitat Autònoma de Barcelona
1999
|
| Ausgabe: | 1a. ed |
| Schriftenreihe: | Aldea Global, 5
|
| Schlagworte: | |
| Tags: |
Tag hinzufügen
Keine Tags, Fügen Sie den ersten Tag hinzu!
|
MARC
| LEADER | 00000nam a2200000 a 4500 | ||
|---|---|---|---|
| 001 | UCK3210 | ||
| 003 | CL-VaPUC | ||
| 008 | 050415e19990000SP |||||||||||||||||spa|d | ||
| 020 | |a 844901574X | ||
| 082 | 0 | 4 | |a 070 |b CHI |2 21 |
| 100 | 0 | |a Chillón, Albert |e author |9 491240 | |
| 245 | 1 | 0 | |a Literatura y periodismo: una tradición de relaciones promiscuas |
| 250 | |a 1a. ed | ||
| 300 | |a 470 p | ||
| 942 | |c BK | ||
| 945 | |d 20050415 00:00:00 |a jcarroza | ||
| 260 | |a Barcelona |b Universitat Autònoma de Barcelona |c 1999 | ||
| 650 | 7 | |a PERIODISMO Y LITERATURA |2 CL-VaPUC |9 491241 | |
| 650 | 0 | |a Periodismo |9 310113 | |
| 583 | |a last modification |c 20050415 00:00:00 |k Rodrigo Vera | ||
| 490 | 0 | |a Aldea Global, 5 | |
| 999 | |c 312471 |d 312469 | ||
| 952 | |0 0 |1 0 |4 0 |6 070_000000000000000_CHI_1999 |7 0 |8 A |9 382876 |a BIBCUR |b BIBCUR |d 2019-11-21 |i 4111079 |l 2 |m 1 |o 070 CHI 1999 |p 4111079 |r 2025-04-22 |s 2024-10-10 |w 2019-11-21 |y BK |k PER | ||